Por tierras de Portugal : (Record no. 156482)

MARC details
000 -LEADER
campo de control de longitud fija 00726nam a22002175i 4500
001 - NÚMERO DE CONTROL
campo de control 156482
003 - IDENTIFICADOR DE NÚMERO DE CONTROL
campo de control ES-MaACL
005 - FECHA Y HORA DE LA ÚLTIMA TRANSACCIÓN
campo de control 20231112113907.0
008 - DATOS DE LONGITUD FIJA--INFORMACIÓN GENERAL
campo de control de longitud fija 150120s2013 sp |||| | spa d
020 ## - NÚMERO INTERNACIONAL ESTÁNDAR DEL LIBRO
Número Internacional Estándar del Libro 978-84-616-6801-4
080 ## - NÚMERO DE LA CLASIFICACIÓN DECIMAL UNIVERSAL
Número de la Clasificación Decimal Universal 929 Unamuno, Miguel de
100 1# - ENTRADA PRINCIPAL--NOMBRE DE PERSONA
Nombre de persona Remesal, Agustín.
9 (RLIN) 96129
245 10 - MENCIÓN DEL TÍTULO
Título Por tierras de Portugal :
Resto del título un viaje con Unamuno /
Mención de responsabilidad, etc. Agustín Remesal.
260 ## - PUBLICACIÓN, DISTRIBUCIÓN, ETC.
Lugar de publicación, distribución, etc. [Zamora] :
Nombre del editor, distribuidor, etc. La Raya Quebrada,
Fecha de publicación, distribución, etc. [2013]
300 ## - DESCRIPCIÓN FÍSICA
Extensión 396 p. :
Otras características físicas il. ;
Dimensiones 24 cm.
600 17 - PUNTO DE ACCESO ADICIONAL DE MATERIA--NOMBRE DE PERSONA
Nombre de persona Unamuno, Miguel de,
Fechas asociadas al nombre 1864-1936-
Subdivisión general Viajes
9 (RLIN) 166353
651 #4 - PUNTO DE ACCESO ADICIONAL DE MATERIA--NOMBRE GEOGRÁFICO
Nombre geográfico Portugal-
Subdivisión general Descripción.
9 (RLIN) 9251
852 ## - LOCALIZACIÓN
Ubicación ES-MaACL
Número de control de estantería A-13324
itemnumber 162244
Sublocalización o colección R.150225
Ubicación en estantería Depósito 1
Signatura antigua Olim: N-6324
942 ## - ELEMENTOS DE ENTRADA SECUNDARIOS (KOHA)
Fuente del sistema de clasificación o colocación Clasificación decimal universal
Tipo de ítem Koha Libro impreso
Holdings
Estatus retirado Estado de pérdida Fuente del sistema de clasificación o colocación Estado de daño No para préstamo Biblioteca de origen Biblioteca actual Ubicación en estantería Fecha de adquisición Fuente de adquisición Total de préstamos Signatura topográfica completa Código de barras Visto por última vez Precio de reemplazo Tipo de ítem Koha
    Clasificación decimal universal     Biblioteca del Ateneo de Madrid Biblioteca del Ateneo de Madrid Depósito 1 17/01/2008 Donación   A-13324 1163714 23/02/2023 23/02/2023 Libro impreso